[Event "15th Asian-ch"]
[Site "Chengdu CHN"]
[Date "2017.05.16"]
[Round "5"]
[White "Nguyen Ngoc Truong Son"]
[Black "Sandipan, Chanda"]
[Result "1/2-1/2"]
[WhiteElo "2632"]
[BlackElo "2575"]
[EventDate "2017.05.12"]
[PlyCount "62"]

1.d4 d5 2.c4 c6 3.Nc3 Nf6 4.e3 e6 5.Nf3 Nbd7 6.Qc2 Bd6 7.Bd3 O-O 8.O-O 
dxc4 9.Bxc4 b5 10.Be2 Bb7 11.e4 e5 12.dxe5 Nxe5 13.Nd4 Neg4 14.g3 Bc5 15.
Nf5 Re8 16.Bf4 Qb6 17.Bxg4 Nxg4 18.Rad1 Ne5 19.Kg2 Bf8 20.Nd6 Bxd6 21.Rxd6
Qc5 22.Bxe5 Qxe5 23.Rd7 Bc8 24.Rd2 Qh5 25.h4 f5 26.f3 Qg6 27.Rfd1 fxe4 28.
Nxe4 Bf5 29.Rd6 Bxe4 30.fxe4 Qxe4+ 31.Qxe4 Rxe4 1/2-1/2

[Event "15th Asian-ch"]
[Site "Chengdu CHN"]
[Date "2017.05.16"]
[Round "5"]
[White "Lu Shanglei"]
[Black "Lalith Babu, Musunuri Rohit"]
[Result "1/2-1/2"]
[WhiteElo "2619"]
[BlackElo "2529"]
[EventDate "2017.05.12"]
[PlyCount "50"]

1.e4 e5 2.Nf3 Nc6 3.Bb5 a6 4.Ba4 Nf6 5.O-O Nxe4 6.d4 b5 7.Bb3 d5 8.dxe5 
Be6 9.Qe2 Be7 10.Rd1 O-O 11.c3 Qd7 12.Be3 Rfd8 13.a4 Rab8 14.axb5 axb5 15.
Nbd2 Nc5 16.Bc2 Bf5 17.Bxf5 Qxf5 18.Bxc5 Bxc5 19.Nb3 Bb6 20.Nbd4 Nxd4 21.
Nxd4 Qd7 22.Qf3 c6 23.Re1 Ra8 24.h4 Bc7 25.Rxa8 Rxa8 1/2-1/2

[Event "15th Asian-ch"]
[Site "Chengdu CHN"]
[Date "2017.05.16"]
[Round "5"]
[White "Zhu Yi"]
[Black "Zhou Jianchao"]
[Result "1-0"]
[WhiteElo "2328"]
[BlackElo "2617"]
[EventDate "2017.05.12"]
[PlyCount "71"]

1.d4 Nf6 2.c4 e6 3.g3 c5 4.d5 exd5 5.cxd5 d6 6.Nc3 g6 7.Bg2 Bg7 8.Nf3 O-O 
9.O-O Re8 10.Bf4 Na6 11.Re1 Ne4 12.Nxe4 Rxe4 13.Nd2 Rb4 14.a3 Rxf4 15.gxf4
Bxb2 16.Ra2 Bg7 17.e4 b5 18.e5 Bf5 19.Ne4 Bxe4 20.Rxe4 c4 21.e6 f5 22.Re3 
Nc5 23.a4 Nxa4 24.Rxa4 bxa4 25.Qxa4 Bd4 26.Re1 Rc8 27.e7 Qe8 28.Qa6 Rb8 
29.Qxd6 Kg7 30.Qxb8 Qxb8 31.e8=Q Qxf4 32.Kh1 c3 33.d6 Qxd6 34.Re7+ Kh6 35.
Qf8+ Kg5 36.h4+ 1-0

[Event "15th Asian-ch"]
[Site "Chengdu CHN"]
[Date "2017.05.16"]
[Round "5"]
[White "Wen Yang"]
[Black "Utegaliev, Azamat"]
[Result "1/2-1/2"]
[WhiteElo "2607"]
[BlackElo "2522"]
[EventDate "2017.05.12"]
[PlyCount "87"]

1.d4 d5 2.Nf3 Nf6 3.c4 dxc4 4.e3 e6 5.Bxc4 a6 6.O-O c5 7.dxc5 Qxd1 8.Rxd1 
Bxc5 9.Be2 Nbd7 10.Nbd2 b6 11.b3 Bb7 12.Bb2 O-O 13.Rac1 Rfc8 14.Nc4 Bd5 
15.Ne1 b5 16.Nd2 Bb4 17.Nb1 Bb7 18.Nd3 Be7 19.Bd4 Rxc1 20.Rxc1 Rc8 21.
Rxc8+ Bxc8 22.f3 Nd5 23.Nc3 Nb4 24.Nxb4 Bxb4 25.a4 e5 26.Nd5 exd4 27.Nxb4 
dxe3 28.axb5 axb5 29.Nd5 Bb7 30.Nxe3 Nc5 31.b4 Na6 32.Nc2 Nc7 33.Kf2 Kf8 
34.Ke3 Ke7 35.g3 Bc6 36.f4 Kd6 37.Kd4 g6 38.Ne3 Bd7 39.Bd3 Ne6+ 40.Kc3 Nc7
41.Bc2 f5 42.Bd3 Be6 43.Be2 Bf7 44.Bf1 1/2-1/2

[Event "15th Asian-ch"]
[Site "Chengdu CHN"]
[Date "2017.05.16"]
[Round "5"]
[White "Karthikeyan, Murali"]
[Black "Hossain, Enamul"]
[Result "1-0"]
[WhiteElo "2585"]
[BlackElo "2452"]
[EventDate "2017.05.12"]
[PlyCount "49"]

1.e4 c5 2.Nf3 e6 3.d4 cxd4 4.Nxd4 Nc6 5.Nc3 Qc7 6.Be2 a6 7.O-O Nf6 8.Be3 
Bb4 9.Nxc6 bxc6 10.Qd4 c5 11.Qc4 Bb7 12.a3 Bxc3 13.Qxc3 Nxe4 14.Qxg7 Ke7 
15.Bh5 Rag8 16.Qxf7+ Kd8 17.Bf3 Rf8 18.Qh5 Kc8 19.Bxe4 Bxe4 20.Qxc5 Bc6 
21.Qb6 Qe5 22.Qxa6+ Kd8 23.Rae1 Ke8 24.Bh6 Rfg8 25.Qxc6 1-0

[Event "15th Asian-ch"]
[Site "Chengdu CHN"]
[Date "2017.05.16"]
[Round "5"]
[White "Zou Chen"]
[Black "Tran Tuan Minh"]
[Result "0-1"]
[WhiteElo "2320"]
[BlackElo "2537"]
[EventDate "2017.05.12"]
[PlyCount "150"]

1.d4 Nf6 2.Bf4 c5 3.e3 Qb6 4.Nc3 a6 5.a3 d5 6.Nf3 Bg4 7.Be2 e6 8.O-O cxd4 
9.exd4 Nbd7 10.Rb1 Rc8 11.h3 Bxf3 12.Bxf3 Bd6 13.Bg5 h6 14.Bxf6 Nxf6 15.
Re1 O-O 16.Qd3 Bb8 17.g3 Qc6 18.Rbc1 Ne8 19.Ne2 Nd6 20.c3 Qb6 21.Rb1 Nc4 
22.a4 Qd8 23.Rec1 Nd6 24.Bg2 h5 25.h4 Nf5 26.c4 dxc4 27.Rxc4 Qb6 28.b3 
Rcd8 29.Qf3 Nd6 30.Rc5 g6 31.Rbc1 Rd7 32.Qf6 Qd8 33.Qxd8 Rfxd8 34.R5c3 Kg7
35.Rc5 Nf5 36.Rc8 Rxc8 37.Rxc8 Ba7 38.a5 Bxd4 39.Rb8 Bc5 40.Rxb7 Rd2 41.b4
Nd6 42.Rb8 Bxb4 43.Rxb4 Rxe2 44.Bf1 Ra2 45.Rb6 Ne4 46.Rxa6 Nxf2 47.Bc4 Rc2
48.Bb3 Rb2 49.Rb6 Nd3 50.Rb5 Ne1 51.Kf1 Nf3 52.Ba4 Ra2 53.Rb4 e5 54.Bd1 
Ra1 55.Kf2 Rxd1 56.Kxf3 Ra1 57.Rb5 Kf6 58.Ke4 Ra4+ 59.Kd3 Kf5 60.Kc3 f6 
61.Kb3 Ra1 62.Kb2 Rd1 63.a6 Rd7 64.Ra5 Ra7 65.Ra1 Ke6 66.Kc3 Kd5 67.Kb4 e4
68.Kb5 e3 69.Ra2 Ke4 70.Kb6 Ra8 71.Kb7 Re8 72.a7 Kf3 73.a8=Q Rxa8 74.Rxa8 
e2 75.Re8 Kf2 0-1

[Event "15th Asian-ch"]
[Site "Chengdu CHN"]
[Date "2017.05.16"]
[Round "5"]
[White "Batchuluun, Cegmed"]
[Black "Fang Yan"]
[Result "1-0"]
[WhiteElo "2525"]
[BlackElo "2443"]
[EventDate "2017.05.12"]
[PlyCount "81"]

1.d4 d5 2.c4 c5 3.cxd5 Qxd5 4.Nf3 cxd4 5.Nc3 Qa5 6.Nxd4 Nf6 7.Nb3 Qc7 8.e4
e6 9.Be3 Nc6 10.Rc1 Bb4 11.f3 O-O 12.a3 Rd8 13.Qc2 Be7 14.Be2 e5 15.Na4 
Bd7 16.O-O Be8 17.Rfd1 Rxd1+ 18.Rxd1 Rc8 19.Nc3 Na5 20.Nxa5 Qxa5 21.Qd2 
Bc5 22.Kf2 Kf8 23.g3 a6 24.Bxc5+ Qxc5+ 25.Qe3 Qxe3+ 26.Kxe3 Bc6 27.Rd2 g5 
28.Bd1 h5 29.h4 gxh4 30.gxh4 Ng8 31.f4 exf4+ 32.Kxf4 Nf6 33.e5 Ng4 34.Bxg4
hxg4 35.Kxg4 Ke7 36.h5 Bd7+ 37.Kf3 Rc4 38.Rh2 Bf5 39.h6 Bh7 40.Nd5+ Ke6 
41.Nf6 1-0

[Event "15th Asian-ch"]
[Site "Chengdu CHN"]
[Date "2017.05.16"]
[Round "5"]
[White "Al-Rakib, Abdullah"]
[Black "Atabaev, Saparmyrat"]
[Result "0-1"]
[WhiteElo "2503"]
[BlackElo "2422"]
[EventDate "2017.05.12"]
[PlyCount "88"]

1.d4 Nf6 2.Nf3 g6 3.g3 Bg7 4.Bg2 O-O 5.O-O d6 6.Re1 Nbd7 7.e4 e5 8.h3 c6 
9.a4 a5 10.Na3 exd4 11.Nxd4 Nc5 12.Nb1 d5 13.exd5 Nxd5 14.Nc3 Nxc3 15.bxc3
Re8 16.Be3 Bd7 17.Qc1 Qc7 18.Qa3 Bf8 19.Qa2 Bd6 20.Qc4 Re7 21.Bg5 Rxe1+ 
22.Rxe1 Re8 23.Rxe8+ Bxe8 24.h4 h5 25.Bf6 Be7 26.Bxe7 Qxe7 27.Kf1 Bd7 28.
Nb3 Nxb3 29.Qxb3 b5 30.c4 b4 31.c3 c5 32.cxb4 cxb4 33.Bd5 Bh3+ 34.Kg1 Qe1+
35.Kh2 Bg4 36.Kg2 Qc3 37.c5 Qxb3 38.Bxb3 Kf8 39.Kf1 Ke7 40.Ke1 Be6 41.Bc2 
Ba2 42.Bd3 Ke6 43.Bb5 Kd5 44.c6 Kd6 0-1

[Event "15th Asian-ch"]
[Site "Chengdu CHN"]
[Date "2017.05.16"]
[Round "5"]
[White "Liu Yan"]
[Black "Fang Yuxiang"]
[Result "1/2-1/2"]
[WhiteElo "2413"]
[BlackElo "2493"]
[EventDate "2017.05.12"]
[PlyCount "33"]

1.d4 d5 2.c4 c6 3.Nf3 Nf6 4.e3 g6 5.Nc3 Bg7 6.Be2 O-O 7.O-O a6 8.a4 a5 9.
cxd5 cxd5 10.Qb3 Nc6 11.Bd2 Rb8 12.Rfc1 Bf5 13.Be1 Nb4 14.Nb5 Nc6 15.Nc3 
Nb4 16.Nb5 Nc6 17.Nc3 1/2-1/2

[Event "15th Asian-ch"]
[Site "Chengdu CHN"]
[Date "2017.05.16"]
[Round "5"]
[White "Li Di"]
[Black "Gonzales, Jayson"]
[Result "1-0"]
[WhiteElo "2488"]
[BlackElo "2409"]
[EventDate "2017.05.12"]
[PlyCount "79"]

1.Nf3 Nf6 2.c4 e6 3.Nc3 d5 4.d4 Bb4 5.Bg5 dxc4 6.e4 b5 7.a4 c6 8.e5 h6 9.
exf6 hxg5 10.fxg7 Rg8 11.g3 Bb7 12.Bg2 Nd7 13.O-O Bxc3 14.bxc3 Rxg7 15.Nd2
a6 16.axb5 axb5 17.Ne4 Ke7 18.Qd2 Qb8 19.Qe3 Rg8 20.Nxg5 Nf6 21.Ne4 Nxe4 
22.Qxe4 Qd6 23.Qh4+ Kd7 24.Qf6 Raf8 25.Rfb1 Kc8 26.Ra7 Kb8 27.Rxb7+ Kxb7 
28.Rxb5+ Ka6 29.Rc5 Rc8 30.Qf3 Rc7 31.Qd1 Kb7 32.Qa4 Rd8 33.Qb5+ Kc8 34.
Bxc6 Rf8 35.Qb4 f5 36.Qa3 Rxc6 37.Rxc6+ Qxc6 38.Qxf8+ Kb7 39.Qb4+ Ka6 40.
Qc5 1-0

[Event "15th Asian-ch"]
[Site "Chengdu CHN"]
[Date "2017.05.16"]
[Round "5"]
[White "Gomez, John Paul"]
[Black "Nguyen Huynh Minh Huy"]
[Result "1-0"]
[WhiteElo "2474"]
[BlackElo "2406"]
[EventDate "2017.05.12"]
[PlyCount "53"]

1.c4 c5 2.Nf3 Nc6 3.d4 cxd4 4.Nxd4 g6 5.e4 Bg7 6.Be3 Nf6 7.Nc3 d6 8.Be2 
O-O 9.O-O Bd7 10.Qd2 Nxd4 11.Bxd4 Bc6 12.f3 Nd7 13.Bxg7 Kxg7 14.Kh1 Nf6 
15.Nd5 e6 16.Nxf6 Qxf6 17.b4 Rfd8 18.b5 Be8 19.a4 a6 20.f4 Rac8 21.Ra3 Rc5
22.Rh3 Kg8 23.Bd3 Rd7 24.Rhf3 Qd4 25.f5 exf5 26.exf5 Rxf5 27.Rxf5 1-0

[Event "15th Asian-ch"]
[Site "Chengdu CHN"]
[Date "2017.05.16"]
[Round "5"]
[White "Yeoh Li Tian"]
[Black "Andyka, Pitra"]
[Result "1-0"]
[WhiteElo "2470"]
[BlackElo "2358"]
[EventDate "2017.05.12"]
[PlyCount "63"]

1.Nf3 d6 2.d4 Bg4 3.g3 Bxf3 4.exf3 Nd7 5.Bg2 g6 6.d5 Bg7 7.O-O Ngf6 8.f4 
O-O 9.c4 Nb6 10.Nd2 Rc8 11.a4 a5 12.Qc2 c6 13.dxc6 bxc6 14.Nb3 Qd7 15.Nxa5
c5 16.Qb3 Qc7 17.Bd2 e6 18.Rfc1 d5 19.Bc3 Ne8 20.Bxg7 Nxg7 21.cxd5 exd5 
22.Qb5 Ne6 23.Nb3 Qd6 24.a5 Nd7 25.a6 Nb6 26.a7 c4 27.Ra6 Nxf4 28.gxf4 
Qxf4 29.Rxb6 cxb3 30.Rxc8 Rxc8 31.Rb8 Qc1+ 32.Qf1 1-0

[Event "15th Asian-ch"]
[Site "Chengdu CHN"]
[Date "2017.05.16"]
[Round "5"]
[White "Atabaev, Yusup"]
[Black "Chen Fan"]
[Result "1-0"]
[WhiteElo "2455"]
[BlackElo "2326"]
[EventDate "2017.05.12"]
[PlyCount "111"]

1.e4 c5 2.Nf3 d6 3.d4 cxd4 4.Nxd4 Nf6 5.Nc3 a6 6.Bg5 Nbd7 7.Bc4 Qb6 8.Bb3 
e6 9.Qd2 Be7 10.O-O-O Nc5 11.Qe2 Qc7 12.f4 b5 13.e5 dxe5 14.fxe5 Nd5 15.
Bxe7 Nxe7 16.Ne4 Nxe4 17.Qxe4 Qb7 18.Qg4 O-O 19.h4 Qb8 20.Rde1 Qb6 21.h5 
Nf5 22.Rd1 Nh6 23.Qf4 Ra7 24.g4 Rd7 25.Rd2 a5 26.g5 Rxd4 27.Qxd4 Qxd4 28.
Rxd4 Nf5 29.Rf4 a4 30.Bxa4 bxa4 31.Rxa4 Bb7 32.Rh3 h6 33.gxh6 Nxh6 34.Rb4 
Bg2 35.Rg3 Bf1 36.a4 Ra8 37.Ra3 Nf5 38.a5 Ne7 39.Rf4 Be2 40.b4 Nd5 41.Re4 
Ba6 42.Rg3 Kh7 43.Kb2 Kh6 44.Kb3 Rb8 45.c3 Ne7 46.Rf4 Nf5 47.Rg1 Kxh5 48.
c4 g5 49.Rfg4 Kh6 50.Rxg5 Ne7 51.R5g4 Ng6 52.Ka4 Bb7 53.b5 Bf3 54.Rd4 Kg7 
55.a6 Kf8 56.Rxg6 1-0

[Event "15th Asian-ch"]
[Site "Chengdu CHN"]
[Date "2017.05.16"]
[Round "5"]
[White "Liu Guanchu"]
[Black "Zhang Ziji"]
[Result "1/2-1/2"]
[WhiteElo "2448"]
[BlackElo "2312"]
[EventDate "2017.05.12"]
[PlyCount "54"]

1.e4 e5 2.Nf3 Nc6 3.Bc4 Bc5 4.c3 Nf6 5.b4 Bb6 6.d3 d6 7.a4 a5 8.b5 Ne7 9.
O-O O-O 10.Nbd2 Ng6 11.Bb3 c6 12.Nc4 Bc7 13.Re1 Re8 14.Bg5 Be6 15.Ne3 h6 
16.Bxe6 fxe6 17.Bxf6 Qxf6 18.Rb1 Rf8 19.Rf1 Rf7 20.b6 Bb8 21.d4 exd4 22.
Nxd4 d5 23.Ng4 Qf4 24.g3 Qd6 25.Re1 dxe4 26.Qb3 Qd5 27.Qc2 e5 1/2-1/2

[Event "15th Asian-ch"]
[Site "Chengdu CHN"]
[Date "2017.05.16"]
[Round "5"]
[White "Xu Minghui"]
[Black "Tabatabaei, Mohammadamin"]
[Result "0-1"]
[WhiteElo "2286"]
[BlackElo "2521"]
[EventDate "2017.05.12"]
[PlyCount "64"]

1.d4 Nf6 2.c4 e6 3.g3 d5 4.Bg2 Bb4+ 5.Nd2 O-O 6.Nf3 dxc4 7.Qc2 Nc6 8.Qxc4 
Qd5 9.O-O Rd8 10.e3 Qxc4 11.Nxc4 a5 12.a3 Be7 13.Bd2 Ne4 14.Rfc1 Nxd2 15.
Nfxd2 f6 16.Bxc6 bxc6 17.Ne4 c5 18.Nxc5 Bxc5 19.dxc5 a4 20.Rc2 Ba6 21.Rac1
Rd3 22.Kg2 g5 23.c6 Rad8 24.Na5 Rd1 25.Nb7 R8d5 26.Rxd1 Rxd1 27.Nc5 Bf1+ 
28.Kf3 Kf7 29.Nxa4 e5 30.Nc3 f5 31.g4 e4+ 32.Kg3 f4+ 0-1

[Event "15th Asian-ch"]
[Site "Chengdu CHN"]
[Date "2017.05.16"]
[Round "5"]
[White "Wang Yiye"]
[Black "Atabaev, Maksat"]
[Result "1-0"]
[WhiteElo "2421"]
[BlackElo "2519"]
[EventDate "2017.05.12"]
[PlyCount "55"]

1.d4 Nf6 2.Bf4 g6 3.Nc3 d5 4.e3 Bg7 5.h4 a6 6.Nf3 Bg4 7.Be2 Nbd7 8.Ne5 
Bxe2 9.Qxe2 e6 10.e4 Nb6 11.O-O-O Nxe4 12.Nxe4 dxe4 13.h5 f6 14.Ng4 Kf7 
15.Kb1 Nd5 16.Bg3 b5 17.Qxe4 f5 18.Qf3 g5 19.h6 Bf6 20.Nxf6 Nxf6 21.d5 
Nxd5 22.Qh5+ Ke7 23.Qxg5+ Kd7 24.Qg7+ Kc6 25.Rhe1 Kb7 26.Rd3 Qc8 27.Rxd5 
exd5 28.Re7 1-0

[Event "15th Asian-ch"]
[Site "Chengdu CHN"]
[Date "2017.05.16"]
[Round "5"]
[White "Deng Tianle"]
[Black "Xu Yi"]
[Result "0-1"]
[WhiteElo "2105"]
[BlackElo "2456"]
[EventDate "2017.05.12"]
[PlyCount "92"]

1.e4 e5 2.Nf3 Nc6 3.Bb5 a6 4.Ba4 Nf6 5.d3 d6 6.c3 g6 7.h3 Bg7 8.Be3 O-O 9.
O-O Re8 10.Nbd2 b5 11.Bc2 Bb7 12.a4 Qd7 13.b4 h6 14.Re1 Rad8 15.Qb1 g5 16.
Nf1 Nh5 17.d4 exd4 18.Nxd4 Nxd4 19.Bxd4 Bxd4 20.cxd4 Nf4 21.axb5 axb5 22.
Ne3 Qe6 23.f3 Qf6 24.Qd1 Bc8 25.Rc1 c5 26.bxc5 dxc5 27.d5 c4 28.Qd2 Bd7 
29.Bb1 Ra8 30.Rcd1 Ra3 31.Kh1 Rb3 32.Nc2 Bxh3 33.gxh3 Rxf3 34.Re3 Nxh3 35.
Nd4 Rxe3 36.Qxe3 Nf2+ 37.Kg2 Nxd1 38.Qd2 Qf2+ 39.Qxf2 Nxf2 40.Kxf2 b4 41.
Ke3 f6 42.Nf5 Ra8 43.Nxh6+ Kf8 44.Kd2 Ra1 45.Kc2 c3 46.Nf5 g4 0-1

[Event "15th Asian-ch"]
[Site "Chengdu CHN"]
[Date "2017.05.16"]
[Round "5"]
[White "Bilguun, Sumiya"]
[Black "Bersamina, Paulo"]
[Result "1/2-1/2"]
[WhiteElo "2440"]
[BlackElo "2419"]
[EventDate "2017.05.12"]
[PlyCount "29"]

1.e4 c5 2.Nf3 e6 3.d4 cxd4 4.Nxd4 Bc5 5.Nb3 Bb6 6.Nc3 Ne7 7.Bf4 d5 8.exd5 
Nxd5 9.Nxd5 exd5 10.Qf3 O-O 11.O-O-O Nc6 12.Qxd5 Qf6 13.Qg5 Qxg5 14.Bxg5 
Bxf2 15.Bc4 1/2-1/2

[Event "15th Asian-ch"]
[Site "Chengdu CHN"]
[Date "2017.05.16"]
[Round "5"]
[White "Peng Xiongjian"]
[Black "Sriram, Jha"]
[Result "1/2-1/2"]
[WhiteElo "2431"]
[BlackElo "2390"]
[EventDate "2017.05.12"]
[PlyCount "51"]

1.e4 e5 2.Nf3 Nc6 3.Bb5 a6 4.Ba4 Nf6 5.O-O Be7 6.Re1 b5 7.Bb3 d6 8.c3 Na5 
9.Bc2 c5 10.d4 Qc7 11.Nbd2 cxd4 12.cxd4 Bg4 13.h3 Bh5 14.d5 O-O 15.Bd3 Nb7
16.Nf1 Nc5 17.Ng3 Bg6 18.Bc2 Rac8 19.Bd2 Nh5 20.Nxh5 Bxh5 21.Rc1 Qb7 22.
Qe2 Bg6 23.Nh2 Na4 24.Bb3 Nc5 25.Bc2 Na4 26.Bb3 1/2-1/2

[Event "15th Asian-ch"]
[Site "Chengdu CHN"]
[Date "2017.05.16"]
[Round "5"]
[White "Zhao Yuanhe"]
[Black "Nguyen Van Huy"]
[Result "1/2-1/2"]
[WhiteElo "2383"]
[BlackElo "2442"]
[EventDate "2017.05.12"]
[PlyCount "123"]

1.Nf3 Nf6 2.g3 d5 3.Bg2 c6 4.O-O Bg4 5.h3 Bxf3 6.Bxf3 Nbd7 7.d3 g6 8.Nd2 
Bg7 9.e4 O-O 10.Qe2 e5 11.Bg2 Re8 12.a4 a5 13.Nb3 Qc7 14.Bd2 b6 15.Rad1 
Rad8 16.Kh1 Nf8 17.Rfe1 Ne6 18.Bc1 d4 19.Bd2 c5 20.Nc1 Ra8 21.Rg1 b5 22.
axb5 Reb8 23.Rdf1 Rxb5 24.b3 a4 25.f4 a3 26.Na2 Nd8 27.f5 Nc6 28.g4 Nb4 
29.Bxb4 cxb4 30.Bf3 g5 31.Qd2 h6 32.h4 Nh7 33.h5 Bf8 34.Rg2 Nf6 35.Ra1 Ne8
36.Bd1 Rb6 37.Kg1 Qc5 38.Kh1 Nc7 39.Kh2 Nb5 40.Kh1 f6 41.Kh2 Bd6 42.Kh1 
Kf7 43.Rh2 Ke7 44.Rg2 Rc6 45.Rh2 Nc3 46.Bf3 Qb6 47.Qe1 Rac8 48.Rg2 R8c7 
49.Nxc3 dxc3 50.Ra2 Bc5 51.Re2 Rd6 52.Kg2 Rcd7 53.Qc1 Qa7 54.Qe1 Qa6 55.
Qc1 Qc8 56.Qf1 Qg8 57.Qb1 Rd8 58.Qd1 Qf7 59.Qb1 Kf8 60.Qd1 Qa7 61.Qc1 Qd7 
62.Qe1 1/2-1/2

[Event "15th Asian-ch"]
[Site "Chengdu CHN"]
[Date "2017.05.16"]
[Round "5"]
[White "Dai Changren"]
[Black "Chen Qi B"]
[Result "1/2-1/2"]
[WhiteElo "2418"]
[BlackElo "2362"]
[EventDate "2017.05.12"]
[PlyCount "49"]

1.e4 c5 2.Nf3 d6 3.d4 cxd4 4.Nxd4 Nf6 5.Nc3 a6 6.h3 e6 7.g4 Be7 8.g5 Nfd7 
9.Be3 b5 10.a3 Bb7 11.h4 Nb6 12.Bh3 Nc4 13.Bxe6 fxe6 14.Nxe6 Qd7 15.Nxg7+ 
Kd8 16.Nd5 Bxd5 17.exd5 Kc8 18.Qd4 Bd8 19.b3 Nxe3 20.fxe3 Bb6 21.Qf6 Bd8 
22.Qc3+ Qc7 23.Qd4 Qb6 24.Qc3+ Qc7 25.Qd4 1/2-1/2

[Event "15th Asian-ch"]
[Site "Chengdu CHN"]
[Date "2017.05.16"]
[Round "5"]
[White "Wang Shixu B"]
[Black "Odeev, Handszar"]
[Result "1/2-1/2"]
[WhiteElo "2187"]
[BlackElo "2417"]
[EventDate "2017.05.12"]
[PlyCount "78"]

1.c4 e5 2.Nc3 Nc6 3.g3 g6 4.Bg2 Bg7 5.e3 d6 6.Nge2 Be6 7.Nd5 Qd7 8.b3 Nd8 
9.Bb2 f6 10.d4 Nh6 11.O-O O-O 12.e4 Bh3 13.Ne3 Bxg2 14.Kxg2 Ne6 15.h4 f5 
16.dxe5 f4 17.gxf4 Rxf4 18.Rh1 Rf7 19.Qd2 Raf8 20.Raf1 Ng4 21.f3 dxe5 22.
Bc1 Nxe3+ 23.Qxe3 Nd4 24.Nxd4 exd4 25.Qd3 Be5 26.Rh3 Qd6 27.Bh6 Re8 28.Rf2
Bf4 29.Bxf4 Rxf4 30.b4 Qf6 31.Rd2 Rd8 32.c5 Rxh4 33.Rxh4 Qxh4 34.Qc4+ Kg7 
35.Rxd4 Qg5+ 36.Kf2 Qh4+ 37.Kg2 Qg5+ 38.Kf2 Qh4+ 39.Kg2 Qg5+ 1/2-1/2

[Event "15th Asian-ch"]
[Site "Chengdu CHN"]
[Date "2017.05.16"]
[Round "5"]
[White "Winkelman, Albert"]
[Black "Tran Minh Thang"]
[Result "0-1"]
[WhiteElo "2029"]
[BlackElo "2409"]
[EventDate "2017.05.12"]
[PlyCount "72"]

1.e4 c5 2.Nf3 e6 3.d4 cxd4 4.Nxd4 a6 5.Nc3 d6 6.Be3 b5 7.g4 Bb7 8.Bg2 Nd7 
9.f4 b4 10.Nce2 Ngf6 11.Ng3 Nc5 12.c3 Nfxe4 13.cxb4 Nxg3 14.Bxb7 Nxb7 15.
hxg3 d5 16.Qa4+ Qd7 17.Qxd7+ Kxd7 18.a3 Nd6 19.Ke2 Ne4 20.Kf3 Bd6 21.Rh2 
h6 22.Rc1 f6 23.Rhc2 h5 24.b5 hxg4+ 25.Kxg4 g5 26.Kf3 Rh3 27.Bf2 e5 28.Nf5
exf4 29.Nxd6 Kxd6 30.b6 Nxf2 31.b7 Rb8 32.Rc6+ Ke5 33.Rb6 Ne4 34.Rc8 Rxg3+
35.Ke2 f3+ 36.Kf1 f2 0-1

[Event "15th Asian-ch"]
[Site "Chengdu CHN"]
[Date "2017.05.16"]
[Round "5"]
[White "Lin Yi"]
[Black "Kakabaev, Mergen"]
[Result "1/2-1/2"]
[WhiteElo "2397"]
[BlackElo "2350"]
[EventDate "2017.05.12"]
[PlyCount "45"]

1.d4 d5 2.c4 c6 3.cxd5 cxd5 4.Bf4 Nf6 5.Nc3 Nc6 6.e3 Bg4 7.Qb3 Na5 8.Bb5+ 
Bd7 9.Qd1 e6 10.Bd3 Qb6 11.Qe2 Rc8 12.Nf3 Nc4 13.Bxc4 Rxc4 14.Ne5 Rc8 15.
O-O Be7 16.Bg5 Bc6 17.Rac1 O-O 18.Rc2 Rc7 19.Rfc1 Rfc8 20.Bf4 Be8 21.Ng4 
Rc4 22.Ne5 R4c7 23.Ng4 1/2-1/2

[Event "15th Asian-ch"]
[Site "Chengdu CHN"]
[Date "2017.05.16"]
[Round "5"]
[White "Wang Ting Hao"]
[Black "Pang Tao"]
[Result "1/2-1/2"]
[WhiteElo "1652"]
[BlackElo "2193"]
[EventDate "2017.05.12"]
[PlyCount "51"]

1.e4 c6 2.d4 d5 3.exd5 cxd5 4.Bd3 Nc6 5.c3 Nf6 6.h3 e6 7.Bf4 Bd6 8.Bxd6 
Qxd6 9.Nf3 O-O 10.O-O Ne4 11.Nbd2 f5 12.Bb5 Qf4 13.Qc1 Bd7 14.Nxe4 fxe4 
15.Qxf4 Rxf4 16.Bxc6 Bxc6 17.Ne5 Raf8 18.f3 Bb5 19.Rfe1 exf3 20.Nxf3 R4f6 
21.Re3 Bd7 22.Rae1 h6 23.Ne5 Bc8 24.Rf3 Kh7 25.Ref1 h5 26.g4 1/2-1/2

[Event "15th Asian-ch"]
[Site "Chengdu CHN"]
[Date "2017.05.17"]
[Round "6"]
[White "Wang Hao"]
[Black "Aravindh, Chithambaram"]
[Result "1/2-1/2"]
[WhiteElo "2680"]
[BlackElo "2588"]
[EventDate "2017.05.12"]
[PlyCount "46"]

1.d4 d5 2.Nf3 Nf6 3.c4 c6 4.e3 Bf5 5.Nc3 e6 6.Nh4 Be4 7.f3 Bg6 8.Qb3 Qb6 
9.Nxg6 hxg6 10.Bd2 Nbd7 11.O-O-O Be7 12.Kb1 Qxb3 13.axb3 a6 14.Be2 Bd6 15.
g4 g5 16.e4 dxe4 17.Bxg5 exf3 18.Bxf3 Rh3 19.Bg2 Rxh2 20.Rxh2 Bxh2 21.Rh1 
Bd6 22.Bf3 O-O-O 23.Be3 e5 1/2-1/2

[Event "15th Asian-ch"]
[Site "Chengdu CHN"]
[Date "2017.05.17"]
[Round "6"]
[White "Bu Xiangzhi"]
[Black "Bai Jinshi"]
[Result "1-0"]
[WhiteElo "2697"]
[BlackElo "2586"]
[EventDate "2017.05.12"]
[PlyCount "121"]

1.d4 Nf6 2.c4 g6 3.Nc3 d5 4.Nf3 Bg7 5.e3 O-O 6.Bd2 c5 7.dxc5 Na6 8.cxd5 
Nxc5 9.Bc4 Bf5 10.O-O Rc8 11.Qe2 Nfe4 12.Rfd1 Nd6 13.Nd4 Nxc4 14.Qxc4 Bd3 
15.Qb4 a5 16.Qa3 Bc4 17.Rab1 Be5 18.b4 axb4 19.Qxb4 Bd3 20.Rbc1 Ba6 21.Na4
Nxa4 22.Rxc8 Qxc8 23.Qxa4 Qc4 24.Qxc4 Bxc4 25.Bb4 Bxd5 26.Nf3 Bxf3 27.gxf3
Bf6 28.Rd7 Ra8 29.a3 Bb2 30.a4 Rxa4 31.Bxe7 Kg7 32.Rxb7 Bf6 33.Bd6 Ra6 34.
Bc5 Rc6 35.Rb5 Rc7 36.f4 Rd7 37.Kg2 Be7 38.Bd4+ Bf6 39.Be5 Bxe5 40.fxe5 f6
41.exf6+ Kxf6 42.h4 h5 43.Rb6+ Kf7 44.Kg3 Rd1 45.Kf4 Rh1 46.Kg5 Rg1+ 47.
Kh6 Rg4 48.Rb7+ Kf8 49.Rg7 Rg2 50.Rxg6 Rxf2 51.Kxh5 Kf7 52.Rg4 Re2 53.e4 
Ra2 54.Rf4+ Ke6 55.Kg5 Ra5+ 56.Kg6 Ra8 57.Rf6+ Ke5 58.h5 Rg8+ 59.Kf7 Rh8 
60.Re6+ Kf4 61.h6 1-0

[Event "15th Asian-ch"]
[Site "Chengdu CHN"]
[Date "2017.05.17"]
[Round "6"]
[White "Sengupta, Deep"]
[Black "Yu Yangyi"]
[Result "0-1"]
[WhiteElo "2586"]
[BlackElo "2743"]
[EventDate "2017.05.12"]
[PlyCount "70"]

1.d4 Nf6 2.Nf3 g6 3.Bg5 d5 4.e3 Bg7 5.Nbd2 h6 6.Bf4 O-O 7.Bd3 c5 8.c3 Nc6 
9.Ne5 cxd4 10.exd4 Nh5 11.Nxc6 bxc6 12.Be3 c5 13.dxc5 e5 14.Nb3 d4 15.cxd4
exd4 16.Bd2 Re8+ 17.Kf1 a5 18.Qf3 Ba6 19.Bxa6 Rxa6 20.c6 Qb6 21.Nxa5 Qb5+ 
22.Kg1 Qxb2 23.Qd1 d3 24.Rc1 Rxa5 25.Bxa5 Nf4 26.Rb1 Qc2 27.Bd2 Ne2+ 28.
Kf1 Qxc6 29.h4 Ng3+ 30.Kg1 Nxh1 31.Kxh1 Re2 32.Be3 Qe4 33.Kg1 Be5 34.h5 d2
35.Qf1 Qxb1 0-1

[Event "15th Asian-ch"]
[Site "Chengdu CHN"]
[Date "2017.05.17"]
[Round "6"]
[White "Adhiban, Baskaran"]
[Black "Karthikeyan, Murali"]
[Result "1-0"]
[WhiteElo "2672"]
[BlackElo "2585"]
[EventDate "2017.05.12"]
[PlyCount "131"]

1.d4 Nf6 2.Bg5 Ne4 3.Bf4 c5 4.f3 Nf6 5.dxc5 Na6 6.e4 Nxc5 7.Nc3 d6 8.Qd2 
Bd7 9.Nge2 h6 10.Be3 Rc8 11.a4 Qa5 12.Nf4 g5 13.Nd3 Nxd3+ 14.cxd3 Bg7 15.
d4 a6 16.Be2 b5 17.O-O bxa4 18.Bd1 O-O 19.Bxa4 Qd8 20.Bxd7 Nxd7 21.Rxa6 
Nb6 22.b3 f5 23.exf5 Rxf5 24.Qd3 Rf7 25.Rc1 Rb8 26.Bf2 Qc8 27.Rca1 g4 28.
f4 Qf5 29.Qxf5 Rxf5 30.g3 Rff8 31.Re1 Rfc8 32.Rxb6 Rxb6 33.Nd5 Rcb8 34.
Nxb6 Rxb6 35.Rxe7 Rxb3 36.Re6 d5 37.Rd6 Kf7 38.Rd7+ Kf6 39.Rxd5 Ke6 40.Ra5
Rb1+ 41.Kg2 Rd1 42.Rh5 Rd2 43.Kf1 Ra2 44.Be3 Kf6 45.f5 Ra5 46.Bxh6 Bxh6 
47.Rxh6+ Kg5 48.Rc6 Ra1+ 49.Ke2 Ra2+ 50.Ke3 Rxh2 51.f6 Rg2 52.Rc5+ Kxf6 
53.Kf4 Rd2 54.Rc4 Ke6 55.Kxg4 Kd5 56.Ra4 Re2 57.Kg5 Re8 58.g4 Rg8+ 59.Kf4 
Rf8+ 60.Ke3 Re8+ 61.Kd3 Re1 62.Ra5+ Ke6 63.g5 Rg1 64.Re5+ Kd6 65.Ke4 Rg4+ 
66.Kf5 1-0

[Event "15th Asian-ch"]
[Site "Chengdu CHN"]
[Date "2017.05.17"]
[Round "6"]
[White "Sadorra, Julio Catalino"]
[Black "Ganguly, Surya Shekhar"]
[Result "1/2-1/2"]
[WhiteElo "2575"]
[BlackElo "2653"]
[EventDate "2017.05.12"]
[PlyCount "67"]

1.d4 d5 2.c4 e6 3.Nc3 Nf6 4.Nf3 c6 5.e3 Nbd7 6.Qc2 Bd6 7.g4 Nxg4 8.Rg1 Qf6
9.Rxg4 Qxf3 10.Rxg7 Nf6 11.h3 h6 12.Bd2 Bd7 13.Be2 Qh1+ 14.Bf1 Qf3 15.Be2 
Qh1+ 16.Bf1 Ke7 17.Qg6 Raf8 18.O-O-O Ne8 19.Qg2 Qxg2 20.Rxg2 f5 21.Bd3 Nf6
22.Rdg1 Ne4 23.f4 Be8 24.Nxe4 fxe4 25.Be2 Kd8 26.c5 Be7 27.b4 Bf7 28.Be1 
Bf6 29.a4 Rfg8 30.Rg4 a6 31.b5 axb5 32.axb5 Kd7 33.Rxg8 Rxg8 34.Rxg8 
1/2-1/2